100 premiers Nombres premiers - Statistiques

Statistiques générales
  • Ce quiz a été pris 65 fois
  • Le résultat moyen est 45 sur 100
Statistiques - réponses
Réponse % Correct
2
100%
3
100%
7
98%
5
97%
11
95%
13
95%
17
95%
19
95%
23
93%
29
93%
31
92%
37
90%
41
88%
47
88%
43
87%
53
87%
59
85%
61
83%
67
82%
71
82%
83
80%
73
78%
89
78%
97
78%
79
77%
101
75%
103
72%
107
70%
109
70%
113
65%
127
60%
131
58%
137
58%
139
58%
149
58%
151
58%
157
58%
163
58%
167
58%
173
58%
179
57%
181
57%
191
55%
193
52%
197
52%
199
48%
211
47%
223
43%
227
43%
229
42%
233
42%
239
42%
241
40%
251
38%
257
33%
271
33%
263
32%
269
32%
281
30%
277
28%
283
25%
311
23%
307
22%
331
22%
293
20%
313
20%
317
20%
337
20%
347
20%
349
17%
353
17%
359
17%
367
15%
373
13%
379
13%
383
13%
389
12%
397
12%
401
12%
409
10%
419
10%
421
10%
431
10%
439
8%
443
8%
449
8%
433
7%
457
7%
461
7%
467
7%
491
7%
521
7%
463
5%
479
5%
487
5%
499
5%
503
5%
509
5%
523
5%
541
5%
Aucun quiz correspondant
Distribution des résultats
% des personnes avec chaque résultat
Percentile par nombre de réponses
Votre historique - résultats
Vous n’avez pas pris ce quiz